La P... respectueuse (Record no. 10828)

MARC details
000 -LEADER
campo de control de longitud fija 00692nam a2200217 i 4500
001 - NÚMERO DE CONTROL
campo de control 10828
003 - IDENTIFICADOR DE NÚMERO DE CONTROL
campo de control ES-MaACL
005 - FECHA Y HORA DE LA ÚLTIMA TRANSACCIÓN
campo de control 20250318063110.0
007 - CAMPO FIJO DE DESCRIPCIÓN FÍSICA--INFORMACIÓN GENERAL
campo de control de longitud fija t|
008 - DATOS DE LONGITUD FIJA--INFORMACIÓN GENERAL
campo de control de longitud fija 951108s1994 fr ||||1| fre d
020 ## - NÚMERO INTERNACIONAL ESTÁNDAR DEL LIBRO
Número Internacional Estándar del Libro 2-07-036868-8
080 ## - NÚMERO DE LA CLASIFICACIÓN DECIMAL UNIVERSAL
Número de la Clasificación Decimal Universal 840-23"19"
100 1# - ENTRADA PRINCIPAL--NOMBRE DE PERSONA
Nombre de persona Sartre, Jean-Paul,
Fechas asociadas al nombre 1905-1980
9 (RLIN) 103897
245 13 - MENCIÓN DEL TÍTULO
Título La P... respectueuse
Resto del título : pièce en un acte et deux tableaux ; suivi de Morts sans sépulture : pièce en deux actes et quatre tableaux.
260 ## - PUBLICACIÓN, DISTRIBUCIÓN, ETC.
Lugar de publicación, distribución, etc. [S.l.] :
Nombre del editor, distribuidor, etc. Gallimard,
Fecha de publicación, distribución, etc. D.L. 1994.
300 ## - DESCRIPCIÓN FÍSICA
Extensión 218 p. ;
Dimensiones 18 cm.
490 1# - MENCIÓN DE SERIE
Mención de serie Folio ;
Designación de volumen o secuencia 868
830 0# - PUNTO DE ACCESO ADICIONAL DE SERIE-TÍTULO UNIFORME
Título uniforme Folio ;
Designación de volumen o secuencia 868
9 (RLIN) 178839
852 ## - LOCALIZACIÓN
Ubicación ES-MaACL
Número de control de estantería L-18130
Sublocalización o colección R.124404
Holdings
Estatus retirado Estado de pérdida Estado de daño No para préstamo Biblioteca de origen Biblioteca actual Ubicación en estantería Fecha de adquisición Fuente de adquisición Total de préstamos Signatura topográfica completa Código de barras Visto por última vez Precio de reemplazo Tipo de ítem Koha
        Biblioteca del Ateneo de Madrid Biblioteca del Ateneo de Madrid Depósito 2 17/01/2008     L-18130 1011046 23/02/2023 23/02/2023 Libro impreso